000 00302nam a22001337a 4500
008 170329b xxu||||| |||| 00| 0 eng d
020 _a`9780323010818
041 _aeng
080 _211ED
_a796.3
100 _a8
101 _aSHM
245 _aSTRUCTURE FUNCTION BODY
_cTHIBODEAU.G.A
942 _2udc
_cBK
999 _c8917
_d8917